00000000cam 2200000zi 4500
0019.956387
003CaOODSP
00520260529083658
006m     o  d f      
007cr cn ||||||||
008251016e20241219oncbd   ob   f000 0 eng d
020 |a9780660793665
040 |aCaOODSP|beng|erda|cCaOODSP
043 |an-cn-nk|an-cn-ns
0861 |aNR16-496/2025E-PDF
0861 |aNR14-3/2024-1E-PDF
1001 |aDe Vet, Marijke, |eauthor.
24510|aNumerical simulation of tides and storm surges at Chignecto Isthmus during post-tropical storm Fiona / |cprepared for: Danielle Léger ; author(s): Marijke de Vet, Ivana Vouk, Enda Murphy, Danika van Proosdij.
250 |aRevision FINAL v1.1.
264 1|a[Ottawa] : |bNational Research Council Canada, Ocean, Coastal, and River Engineering Research Centre, |cDecember 19, 2024.
264 4|c©2024
300 |a1 online resource (xiii, 82 pages) : |bmaps, graphs.
336 |atext|btxt|2rdacontent
337 |acomputer|bc|2rdamedia
338 |aonline resource|bcr|2rdacarrier
4901 |aTechnical report (National Research Council Canada. Ocean, Coastal and River Engineering) ; |vno. NRC-OCRE-2024-TRQ-001
504 |aIncludes bibliographical references (pages 80-82).
520 |a"A numerical modelling investigation of the combined effects of tides and storm surges on total water levels at Chignecto Isthmus was performed for post-tropical storm Fiona, which impacted Atlantic Canada in 2022, and two other hypothetical extreme scenarios. The analysis is intended to assist the provinces of Nova Scotia and New Brunswick in understanding the effects of tides, storm surges and sea-level rise (SLR) on extreme high-water levels along the Chignecto Isthmus"--Executive summary, page iii.
650 0|aWater levels|zChignecto Isthmus (N.B. and N.S.)|xData processing.
650 0|aTides|zChignecto Isthmus (N.B. and N.S.)
650 0|aStorm surges|zChignecto Isthmus (N.B. and N.S.)
650 6|aNiveau des eaux|zChignectou, Isthme de (N.-B. et N.-É.)|xInformatique.
650 6|aMarées|zChignectou, Isthme de (N.-B. et N.-É.)
650 6|aOndes de tempête|zChignectou, Isthme de (N.-B. et N.-É.)
7102 |aNational Research Council Canada.|bOcean, Coastal and River Engineering Research Centre, |eissuing body.
830#0|aTechnical report (National Research Council Canada. Ocean, Coastal and River Engineering Research Centre)|vno. NRC-OCRE-2024-TRQ-001.|w(CaOODSP)9.866350
85640|qPDF|s15.6 MB|uhttps://publications.gc.ca/collections/collection_2026/cnrc-nrc/NR16-496-2025-eng.pdf